000 00765nam a2200265Ia 4500
003 OSt
005 20220928112602.0
006 a|||||r|||| 00| 0
007 ta
008 220927b |||||||| |||| 00| 0 eng d
020 _c2172.5837999999999
024 _a104806
037 _b489, 14/01/2010, Pioneer Book Distributors
_cTextual
040 _aSDCL
_cSDCL
_beng
041 _2eng
_aeng
082 _aZ3,3, P8
100 _aChen-Wishart Mindy
_9428945
245 0 _aContract law.
250 _a2
260 _aOxford
_bOxford University Press
_c2008
300 _alxiv,678p
_ccm.
650 _aCommerce
_9353036
942 _hZ3,3, P8
_cTEXL
_2CC
999 _c745425
_d745425